[Event "San Sebastian op 38th"]
[Site "San Sebastian"]
[Date "2015.03.29"]
[Round "2"]
[White "Estevez Sacristan, Deva"]
[Black "Fuente San Sebastian, Ernesto"]
[Result "0-1"]
[WhiteElo "1648"]
[BlackElo "1842"]
[PlyCount "116"]
[EventDate "2015.03.28"]
[EventType "swiss"]
[EventRounds "9"]
[EventCountry "ESP"]
[SourceTitle "CBM 165 Extra"]
[Source "ChessBase"]
[SourceDate "2015.04.21"]
[SourceVersion "1"]
[SourceVersionDate "2015.04.21"]
[SourceQuality "1"]

1. e4 e5 2. Nf3 d5 3. exd5 e4 4. Qe2 Nf6 5. Nc3 Be7 6. Nxe4 0-0 7. Nxf6+ Bxf6 8. Qc4 Re8+ 9. Be2 Qe7 10. d4 b5 11. Qd3 b4 12. Qe3 Qd7 13. Qb3 Bb7 14. Be3 Bxd5 15. Qxb4 Nc6 16. Qc3 Rad8 17. 0-0 Bxf3 18. Bxf3 Nxd4 19. Bxd4 Bxd4 20. Qc4 Qf5 21. c3 Bb6 22. Bc6 Re5 23. Qh4 g5 24. Qg3 Rd3 25. Bf3 h5 26. Rad1 Rxd1 27. Rxd1 g4 28. Bc6 Re2 29. Kh1 Rxf2 30. Bf3 Rxb2 31. h3 Rb1 32. Kh2 Rxd1 33. Bxd1 Qf1 34. Qe5 Qxd1 35. Qe8+ Kg7 36. Qe5+ Kf8 37. Qh8+ Ke7 38. Qe5+ Kd7 39. Qb5+ Ke6 40. Qc6+ Qd6+ 41. Qxd6+ cxd6 42. hxg4 hxg4 43. Kg3 f5 44. Kf4 Ba5 45. c4 Bd2+ 46. Kg3 Ke5 47. a4 Kd4 48. a5 Kxc4 49. a6 d5 50. Kf2 Kd3 51. g3 d4 52. Kf1 Bb4 53. Kf2 Kc2 54. Kg2 d3 55. Kh2 d2 56. Kg2 d1Q 57. Kh2 Bc5 58. Kg2 Qg1# 0-1

[Event "San Sebastian op 38th"]
[Site "San Sebastian"]
[Date "2015.03.28"]
[Round "1"]
[White "Fuente San Sebastian, Ernesto"]
[Black "Libiszewski, Fabien"]
[Result "0-1"]
[WhiteElo "1842"]
[BlackElo "2514"]
[PlyCount "75"]
[EventDate "2015.03.28"]
[EventType "swiss"]
[EventRounds "9"]
[EventCountry "ESP"]
[SourceTitle "CBM 165 Extra"]
[Source "ChessBase"]
[SourceDate "2015.04.21"]
[SourceVersion "1"]
[SourceVersionDate "2015.04.21"]
[SourceQuality "1"]

1. c4 Nf6 2. Nc3 e5 3. e3 Bb4 4. Nf3 Bxc3 5. bxc3 d6 6. Ba3 e4 7. Nd4 c5 8. Ne2 Nc6 9. Nf4 0-0 10. Be2 Ne5 11. 0-0 b6 12. Nd5 Be6 13. Qb3 Rb8 14. f4 exf3 15. Bxf3 b5 16. Nxf6+ Qxf6 17. Bd5 bxc4 18. Qxb8 Qxf1+ 19. Rxf1 Rxb8 20. Be4 g6 21. Rb1 Rxb1+ 22. Bxb1 f5 23. Kf2 Bd5 24. Bc2 Kf7 25. Bd1 Be4 26. g3 Bb1 27. h3 Bxa2 28. Bc2 Bb3 29. Bb1 Ba4 30. Ke2 Bb5 31. e4 Bd7 32. h4 fxe4 33. Bxe4 Bf5 34. Bd5+ Kf6 35. Ke3 Bd3 36. Kf4 h6 37. Bb7 g5+ 38. hxg5+ 0-1

[Event "San Sebastian op 34th"]
[Site "San Sebastian"]
[Date "2011.04.16"]
[Round "1"]
[White "Fuente San Sebastian, Ernesto"]
[Black "Pogorelov, Ruslan"]
[Result "0-1"]
[WhiteElo "1879"]
[BlackElo "2430"]
[PlyCount "56"]
[EventDate "2011.04.16"]
[EventType "swiss"]
[EventRounds "9"]
[EventCountry "ESP"]
[SourceTitle "CBM 141 Extra"]
[Source "ChessBase"]
[SourceDate "2011.05.03"]
[SourceVersion "1"]
[SourceVersionDate "2011.05.03"]
[SourceQuality "1"]

1. e4 c5 2. Nf3 Nc6 3. d4 cxd4 4. Nxd4 Qc7 5. Nc3 e6 6. a3 a6 7. g3 Nf6 8. Bg2 Be7 9. 0-0 0-0 10. Be3 d6 11. Na4 Ne5 12. b3 b5 13. Nb2 Bb7 14. f3 d5 15. Nd3 dxe4 16. fxe4 Bxe4 17. Bf4 Bd6 18. Bxe5 Bxe5 19. Nxe5 Qxe5 20. Bxe4 Nxe4 21. Nf3 Qc5+ 22. Kg2 Rfd8 23. Qe2 Nc3 24. Qf2 Qxf2+ 25. Rxf2 Rd5 26. Raf1 f6 27. Re1 e5 28. Nh4 Rad8 0-1

[Event "San Sebastian op 20th"]
[Site "San Sebastian"]
[Date "2010.09.25"]
[Round "2"]
[White "Guijarro Galan, Jose Luis"]
[Black "Fuente San Sebastian, Ernesto"]
[Result "1-0"]
[WhiteElo "2222"]
[BlackElo "1880"]
[PlyCount "59"]
[EventDate "2010.09.24"]
[EventType "swiss"]
[EventRounds "9"]
[EventCountry "ESP"]
[SourceTitle "CBM 138 Extra"]
[Source "ChessBase"]
[SourceDate "2010.10.29"]
[SourceVersion "1"]
[SourceVersionDate "2010.10.29"]
[SourceQuality "1"]

1. e4 Nf6 2. d3 e5 3. Nf3 d6 4. Nc3 Nbd7 5. Be2 Be7 6. Be3 Ng4 7. Bd2 c6 8. h3 Ngf6 9. d4 exd4 10. Nxd4 Nc5 11. Bf3 Be6 12. b4 Ncd7 13. Nxe6 fxe6 14. Bg4 Nf8 15. 0-0 h5 16. Be2 Qc7 17. b5 N8d7 18. a4 Nc5 19. Be3 Ncxe4 20. Nxe4 Nxe4 21. Bxh5+ Kd7 22. Bg4 Nf6 23. Re1 Nxg4 24. Qxg4 Rh4 25. Qxg7 Rah8 26. Qg6 e5 27. Rad1 Kc8 28. Bxa7 c5 29. Rxe5 dxe5 30. Qe6+ 1-0

[Event "San Sebastian op 33rd"]
[Site "San Sebastian"]
[Date "2010.04.01"]
[Round "6"]
[White "Navarro Vallejo, Jonathan"]
[Black "Fuente San Sebastian, Ernesto"]
[Result "1-0"]
[WhiteElo "1795"]
[BlackElo "1897"]
[PlyCount "69"]
[EventDate "2010.03.28"]
[EventType "swiss"]
[EventRounds "9"]
[EventCountry "ESP"]
[SourceTitle "CBM 135 Extra"]
[Source "ChessBase"]
[SourceDate "2010.05.04"]
[SourceVersion "1"]
[SourceVersionDate "2010.05.04"]
[SourceQuality "1"]

1. e4 Nf6 2. e5 Nd5 3. Bc4 Nb6 4. Bb3 e6 5. f4 Nc6 6. Nf3 Na5 7. 0-0 Nxb3 8. axb3 d5 9. d4 c5 10. Be3 Qc7 11. Nbd2 Bd7 12. Ng5 h6 13. Qh5 g6 14. Qh3 cxd4 15. Bxd4 Bc5 16. c3 Ke7 17. Ngf3 Kf8 18. Qh4 Be7 19. Qg3 Bb5 20. Rfc1 Rc8 21. Qf2 Bc5 22. Bxc5+ Qxc5 23. Qxc5+ Rxc5 24. Rxa7 Ba6 25. Nd4 Kg7 26. b4 Nc4 27. bxc5 Nxd2 28. b4 Bc4 29. Rxb7 g5 30. Nxe6+ Kg6 31. Nd4 gxf4 32. b5 Re8 33. c6 Rxe5 34. c7 f3 35. Nxf3 1-0

[Event "San Sebastian op 33rd"]
[Site "San Sebastian"]
[Date "2010.03.31"]
[Round "4"]
[White "Moreiro Sanchez, Silvestre"]
[Black "Fuente San Sebastian, Ernesto"]
[Result "0-1"]
[WhiteElo "1636"]
[BlackElo "1897"]
[PlyCount "70"]
[EventDate "2010.03.28"]
[EventType "swiss"]
[EventRounds "9"]
[EventCountry "ESP"]
[SourceTitle "CBM 135 Extra"]
[Source "ChessBase"]
[SourceDate "2010.05.04"]
[SourceVersion "1"]
[SourceVersionDate "2010.05.04"]
[SourceQuality "1"]

1. e4 d5 2. exd5 Nf6 3. Nc3 Nxd5 4. Nxd5 Qxd5 5. Qf3 Qe5+ 6. Be2 Nc6 7. c3 Be6 8. d4 Qa5 9. Qf4 0-0-0 10. Nf3 g5 11. Qd2 g4 12. Ng1 h5 13. Qc2 Nxd4 14. Qd1 Nf3+ 15. gxf3 Rxd1+ 16. Bxd1 Bg7 17. Bd2 Rd8 18. Be2 f5 19. f4 Rxd2 20. Kxd2 Qd5+ 21. Bd3 Qxh1 22. Re1 Kd7 23. b3 Qxh2 24. Ke3 Bh6 25. Ne2 Qh3+ 26. Kd2 Qf3 27. Rf1 Bxf4+ 28. Kc2 Bd6 29. Nd4 Qg2 30. Nxe6 Kxe6 31. Re1+ Kf6 32. Re2 h4 33. Bc4 e5 34. f4 h3 35. fxe5+ Bxe5 0-1

[Event "San Sebastian op 33rd"]
[Site "San Sebastian"]
[Date "2010.03.29"]
[Round "2"]
[White "Gonzalez Pueyo, Patricia"]
[Black "Fuente San Sebastian, Ernesto"]
[Result "0-1"]
[WhiteElo "1610"]
[BlackElo "1897"]
[PlyCount "70"]
[EventDate "2010.03.28"]
[EventType "swiss"]
[EventRounds "9"]
[EventCountry "ESP"]
[SourceTitle "CBM 135 Extra"]
[Source "ChessBase"]
[SourceDate "2010.05.04"]
[SourceVersion "1"]
[SourceVersionDate "2010.05.04"]
[SourceQuality "1"]

1. e4 Nf6 2. Nc3 d5 3. e5 Nfd7 4. d4 e6 5. Be3 c5 6. Nf3 Nc6 7. Bb5 a6 8. Bxc6 bxc6 9. dxc5 Bxc5 10. Qd2 Bxe3 11. Qxe3 c5 12. Qf4 0-0 13. 0-0 f6 14. Qg3 Nxe5 15. Nxe5 fxe5 16. Qxe5 Rf5 17. Qe2 e5 18. Rad1 Bb7 19. Ne4 Qe7 20. Ng3 Rf6 21. f4 e4 22. f5 Qe5 23. c3 Raf8 24. Qg4 Bc8 25. Qe2 a5 26. Qd2 Rd6 27. Qf4 Qxf4 28. Rxf4 Rfd8 29. Re1 Bb7 30. Ne2 Ba6 31. g4 Rb8 32. b3 a4 33. Nc1 Ra8 34. Rd1 Re8 35. Ne2 Bxe2 0-1

[Event "San Sebastian op 33rd"]
[Site "San Sebastian"]
[Date "2010.03.28"]
[Round "1"]
[White "Fuente San Sebastian, Ernesto"]
[Black "Alvarez Pedraza, Aramis"]
[Result "0-1"]
[WhiteElo "1897"]
[BlackElo "2486"]
[PlyCount "62"]
[EventDate "2010.03.28"]
[EventType "swiss"]
[EventRounds "9"]
[EventCountry "ESP"]
[SourceTitle "CBM 135 Extra"]
[Source "ChessBase"]
[SourceDate "2010.05.04"]
[SourceVersion "1"]
[SourceVersionDate "2010.05.04"]
[SourceQuality "1"]

1. e4 c5 2. Nf3 d6 3. d4 cxd4 4. Nxd4 Nf6 5. Nc3 g6 6. f3 Bg7 7. Be3 a6 8. Be2 b5 9. a3 Bb7 10. Qd2 Nbd7 11. 0-0 0-0 12. Nd1 d5 13. exd5 Nxd5 14. Bf2 Qc7 15. c3 Rad8 16. Ne3 Nf4 17. Bg3 Nf6 18. Qe1 N6h5 19. Rd1 e5 20. Bxf4 Nxf4 21. Ndc2 Rxd1 22. Nxd1 Rd8 23. Nde3 Bf8 24. g3 Bc5 25. Kh1 Ne6 26. Qc1 f5 27. Rd1 f4 28. Rxd8+ Qxd8 29. Ng4 e4 30. Kg2 exf3+ 31. Bxf3 Bxf3+ 0-1